banner koha

O fim do comodismo produtivo no campo (Registro n. 337423)

MARC details
000 -LÍDER
fixed length control field 00794nab a2200241 4500
003 - CÓDIGO MARC DA AGÊNCIA CATALOGADORA
Campo de controle BR-BrBNA
005 - DATA E HORA DA ÚLTIMA ATUALIZAÇÃO
Campo de controle 20250803114411.0
008 - CAMPO DE TAMANHO FIXO
fixed length control field 250803b bl.||||| |||| 00| 0 por d
040 ## - FONTE DA CATALOGAÇÃO
Agência catalogadora BR-BrBNA
Idioma da catalogação por
072 ## - CATEGORIA AGRIS
Código AGRIS E20 ; E14 ; E16
100 ## - ENTRADA PRINCIPAL - NOME PESSOAL
Nome pessoal Sá, Leonardo
245 ## - TÍTULO PRINCIPAL
Título principal O fim do comodismo produtivo no campo
Subtítulo Artigo
500 ## - NOTA GERAL
Nota geral 2 illus.
942 ## - ADDED ENTRY ELEMENTS (KOHA)
Koha item type Analítica
650 ## - ASSUNTO - THESAGRO
Cabeçalho tópico ou nome geográfico EMPRESA AGRÍCOLA
650 ## - ASSUNTO - THESAGRO
Cabeçalho tópico ou nome geográfico PROPRIEDADE RURAL
650 ## - ASSUNTO - THESAGRO
Cabeçalho tópico ou nome geográfico GESTÃO DA PROPRIEDADE
650 ## - ASSUNTO - THESAGRO
Cabeçalho tópico ou nome geográfico GESTÃO DE CUSTO
650 ## - ASSUNTO - THESAGRO
Cabeçalho tópico ou nome geográfico PLANEJAMENTO ESTRATÉGICO
650 ## - ASSUNTO - THESAGRO
Cabeçalho tópico ou nome geográfico LUCRO
773 0# - ENTRADA ANALÍTICA
Host Biblionumber 1706
Registro do item 347987
Imprenta São Paulo-SP Editora Três Ltda - E-mail: luizfsa@revistadinheiro.com.br 2004
Outro identificador 2025-0483
Título Dinheiro Rural (Brazil)
ISSN 1807-3700
Colação v. 7(79) p. 98; (May 2011)
Número de controle de registro BR2025001975

Nenhum exemplar disponível.

BINAGRI

Telefone: (61)3218-2567/2388/3357/2097 - binagri@agro.gov.br

Ministério da Agricultura e Pecuária , Esplanada dos Ministérios, Bloco D, Anexo B, Brasília/DF, CEP: 70.043-900